| 000 | 00495cam a2200181Ia 4500 | ||
|---|---|---|---|
| 020 | _a4770019920 | ||
| 040 | _cCGP | ||
| 082 | _a722 KOD 1996 A086 Or. | ||
| 100 | 1 | _aNishi, Kazuo, | |
| 245 | 1 | 0 | _aWhat is Japanese architecture? / |
| 250 | _a1st pbk. ed. | ||
| 260 |
_aTokyo ; _aNew York : _bKodansha International, _c1996. |
||
| 300 |
_a144 p. : _bill. ; _c27 cm. |
||
| 500 | _aTranslation of: Nihon kenchiku no katachi. | ||
| 650 | 0 | _aArchitecture | |
| 700 | 1 | _aHozumi, Kazuo, | |
| 942 | _cEK | ||
| 999 |
_c12475 _d12475 |
||